000 01459nam0a22003131 4500
001 rc\4311084
005 20250612044507.0
021 _aRU
_b[61-4502]
035 _a(NLR Aleph) 008508324
090 _a8153088
_c8153088
100 _a20130416d1960 |||y0rusy50 ca
101 0 _arus
102 _aRU
105 _aa z |||||
200 1 _aКак повысить производительность труда
210 _aМосква
_aСвердловск
_cМашгиз. [Урало-Сиб. отд-ние]
_d1960
215 _a39 с.
_cдиагр.
_d21
225 1 _a[Библиотека рабочего-машиностроителя]
_iСерия "Основы конкретной экономики"
_vВып. 6
300 _aПеред загл. авт.: А.А. Власова, З.С. Другалева, Л.М. Жукова. На обл. авт. не указаны
606 _aМашиностроение
_xПроизводительность труда
_2psbo
700 1 _aВласова
_bА. А.
_gАнтонина Александровна
701 1 _aДругалева
_bЗ. С.
_gЗинаида Самуиловна
701 1 _7ca
_8rus
_aЖукова
_bЛ. М.
_cканд. экон. наук, машиностроение
_gЛариса Михайловна
_9257921
_3RU\NLR\AUTH\770257977
801 0 _aRU
_bNLR
_gpsbo
801 1 _aRU
_bELAR
_2rusmarc
852 _aNLR
_j61-4/1564
942 _cBOOK
980 _aNB